000 00563cam a22002053a 4500
001 36075
003 PGUSA
005 20140828083757.0
008 110510s2011||||xxu|||||s|||||000 | eng d
040 _aPGUSA
_beng
042 _adc
100 1 _aFox, Frank,
_d1874-1960
245 1 4 _aThe King's Pilgrimage
_h[electronic resource] /
_cFrank Fox
260 _bProject Gutenberg,
_c2011
506 _aPublic domain in the USA.
516 _aElectronic text
830 0 _aProject Gutenberg
_v36075
856 4 0 _uhttp://www.gutenberg.org/ebooks/36075
942 _cEB
999 _c265330
_d265330